| 000 | 00899nam a2200325 a 4500 | ||
|---|---|---|---|
| 999 |
_c9836 _d9836 |
||
| 001 | 10483938 | ||
| 003 | OCoLC | ||
| 005 | 20210204161836.0 | ||
| 008 | 840214s1984 nyua b 001 0 eng | ||
| 010 | _a84-1384 | ||
| 020 | _a0684180812 : | ||
| 020 | _a0684180847 (pbk.) : | ||
| 020 | _z0684180820 | ||
| 035 | _a3756915 | ||
| 040 |
_aDLC _beng _cDLC _dOSU |
||
| 043 | _aa-is--- | ||
| 050 |
_aDS117 _b.G761H |
||
| 050 | 0 | 0 |
_aDS117 _b.G761H |
| 082 | _bG761H | ||
| 100 | 1 |
_aGrant, Michael, _d1914-2004 |
|
| 245 | 1 | 4 |
_aThe history of ancient Israel / _cMichael Grant |
| 260 |
_aNew York : _bScribner, _cc1984 |
||
| 300 |
_aix, 317 p. : _bill. ; _c25 cm |
||
| 500 | _aIncludes index | ||
| 504 | _aBibliography: p. 299-302 | ||
| 630 | 0 | 0 |
_aBible. _pOld Testament _xHistory of Biblical events |
| 650 | 0 |
_aJews _xHistory _yTo 70 A.D |
|
| 651 | 0 |
_aPalestine _xHistory _yTo 70 A.D |
|
| 942 |
_2ddc _cBK |
||